| 000 | 01348cam a22002531ia4500 | ||
|---|---|---|---|
| 003 | SA-RiAUC | ||
| 005 | 20241007141733.0 | ||
| 008 | 241001q19001999le g 000 0cara c | ||
| 040 |
_aSA-RiKSU _bara _cSA-RiAUC _erda |
||
| 082 | 0 | 4 |
_a922.61 _qSA-RiAUC |
| 090 |
_a922.61 _b م ن ا |
||
| 100 | 1 |
_aالمناوي، محمد عبد الرؤوف بن تاج العارفين بن علي، _d952-1031 هجري _eمؤلف. |
|
| 245 | 1 | 0 |
_aطبقات الصوفية : _bفهارس طبقات الصوفية الكبرى-الصغرى / _cتأليف زين الدين محمد عبد الرؤوف المناوي ؛ تحقيق وإعداد محمد أديب الجادر. |
| 264 | 1 |
_aبيروت : _bدار صادر للطباعة والنشر، _c[بين 1900 و1999] |
|
| 300 | _a5 مجلد | ||
| 336 |
_aنص _btxt _2rdacontent _3كتاب |
||
| 337 |
_aبدون وسيط _bn _2rdamedia |
||
| 338 |
_aمجلد _bnc _2rdacarrier |
||
| 650 | 7 |
_aالمتصوفون _vتراجم _2aucsh |
|
| 700 | 1 |
_aالجادر، محمد أديب _eمحقق. |
|
| 700 | 1 | 2 |
_iتحقيق لـ (عمل) : _aالمناوي، محمد عبد الرؤوف بن تاج العارفين بن علي، _d952-1031 هجري _tطبقات الصوفية : فهارس طبقات الصوفية الكبرى-الصغرى. |
| 942 |
_2ddc _cBOOK _n0 |
||
| 949 |
_aSA-JeALM _d241001 _umohamedma123 _n1 |
||
| 999 |
_c980 _d980 |
||